000 00203 a2200085 4500
245 _aLiterature the individual and the society
_hText
100 _aRAYMOND SOUTHHALL
650 _aliterature
005 20191017172243.0
084 _aNONE
999 _c8642
_d8642